Every Odia Coates song that hit the Billboard hot 100 - Statistics

General Stats
  • This quiz has been taken 2 times
  • The average score is 2 of 6
Answer Stats
Peak Chart Position Year Song % Correct
1 1974 (You're) Having My Baby
100%
91 1975 Don't Leave Me In The Morning
50%
15 1975 (I Believe) There's Nothing Stronger Than Our Love
50%
8 1975 I Don't Like To Sleep Alone
0%
7 1975 One Man Woman/One Woman Man
0%
71 1975 Showdown
0%
No matching quizzes found
Score Distribution
Percent of People with Each Score
Percentile by Number Answered
Your Score History
You have not taken this quiz